[Event "I. CLANSKA LIGA ZAHOD 2024"]
[Site "Komenda"]
[Date "2024.10.12"]
[Round "5.1"]
[White "Marinko, Peter"]
[Black "Furlan, Miha"]
[Result "*"]
[WhiteElo "2074"]
[BlackElo "2214"]
[PlyCount "220"]
[EventDate "2024.09.27"]
[WhiteTeam "TAJFUN - SK LJUBLJANA"]
[BlackTeam "SK TREBNJE BMP"]

1. Nf3 d5 2. g3 g6 3. Bg2 Bg7 4. c4 dxc4 5. Qa4+ Nc6 6. Qxc4 e5 7. d3 Nge7 8.
O-O h6 9. a3 Be6 10. Qc2 Qd7 11. Nc3 a5 12. Rb1 b6 13. Re1 Rc8 14. b4 axb4 15.
axb4 O-O 16. b5 Nd4 17. Qd1 Rfd8 18. Bd2 Bh3 19. Bh1 Kh7 20. Qa4 Bg4 21. Nxd4
exd4 22. Na2 Nd5 23. Nb4 Be6 24. Nxd5 Bxd5 25. Bxd5 Qxd5 26. Rbc1 Bf8 27. Qc4
Bc5 28. Bb4 Qxc4 29. Rxc4 Bxb4 30. Rxb4 c5 31. bxc6 Rxc6 32. Ra1 Kg7 33. Ra6
Rc2 34. Kf1 Re8 35. Rxd4 Rexe2 36. Rf4 Re6 37. d4 Rd2 38. Kg2 g5 39. d5 Rxd5
40. Rb4 b5 41. Ra2 f5 42. Rab2 Rb6 43. h3 Kf6 44. Re2 Re5 45. Reb2 Ke6 46. h4
g4 47. f3 h5 48. fxg4 fxg4 49. R4b3 Kd6 50. Rd2+ Rd5 51. Rf2 Rb8 52. Rf6+ Kc5
53. Rc3+ Kd4 54. Rc1 b4 55. Rf4+ Ke5 56. Re1+ Kd6 57. Rf6+ Kc5 58. Rc1+ Kb5 59.
Rb1 Rc8 60. Rf7 Rc2+ 61. Kg1 Rd3 62. Rb7+ Kc6 63. R7xb4 Rxg3+ 64. Kf1 Rf3+ 65.
Kg1 Rc5 66. Rb6+ Kd5 67. Rh6 Rf5 68. Rd1+ Ke5 69. Rd2 Kf4 70. Kg2 Rc3 71. Rf2+
Rf3 72. Rg6 Rxf2+ 73. Kxf2 Ra5 74. Rf6+ Ke4 75. Rh6 Ra2+ 76. Kg3 Ra3+ 77. Kg2
Ra5 78. Kg3 Rf5 79. Rh8 Re5 80. Rh6 Ke3 81. Rh8 Ke2 82. Kg2 Ke1 83. Kg1 Rf5 84.
Re8+ Kd2 85. Kg2 Kd3 86. Re7 Kd4 87. Re8 Re5 88. Rh8 Ke3 89. Kg3 Rf5 90. Re8+
Kd4 91. Rh8 Ke5 92. Rh6 Ke4 93. Rh8 Rb5 94. Rh7 Rb3+ 95. Kg2 Kf4 96. Rf7+ Ke4
97. Rh7 Kf5 98. Rxh5+ Kf4 99. Rh8 Rb2+ 100. Kf1 Kf3 101. Rf8+ Kg3 102. h5 Kh2
103. h6 g3 104. Rg8 Rb1+ 105. Ke2 Rb7 106. Rg7 Rb8 107. h7 Re8+ 108. Kf3 Rf8+
109. Ke4 Rh8 110. Kf3 Rf8+ *

[Event "I. CLANSKA LIGA ZAHOD 2024"]
[Site "Komenda"]
[Date "2024.10.12"]
[Round "5.1"]
[White "Brcar, Ales"]
[Black "Srebrnic, Vojko"]
[Result "1/2-1/2"]
[WhiteElo "2182"]
[BlackElo "2074"]
[PlyCount "80"]
[EventDate "2024.09.27"]
[WhiteTeam "SK TREBNJE BMP"]
[BlackTeam "TAJFUN - SK LJUBLJANA"]

1. e4 c5 2. Nf3 Nc6 3. Bb5 g6 4. O-O Bg7 5. Re1 Nf6 6. c3 O-O 7. d4 cxd4 8.
cxd4 d5 9. e5 Ne4 10. Be3 f6 11. Qc1 Bd7 12. exf6 exf6 13. Nc3 Nxc3 14. Qxc3
Ne7 15. Qb3 Bxb5 16. Qxb5 Qb6 17. Qxb6 axb6 18. Bf4 Nc6 19. Bc7 Ra6 20. a3 Rc8
21. Bd6 Rd8 22. Bc7 Rc8 23. Bd6 Rd8 24. Bc7 Rd7 25. Bf4 Kf7 26. Kf1 Bf8 27. Ke2
g5 28. Be3 Bd6 29. Kd3 Ra8 30. h4 g4 31. Ng1 Nd8 32. Ne2 Ne6 33. g3 f5 34. Nf4
Nc7 35. Bd2 Re8 36. Rxe8 Kxe8 37. Re1+ Re7 38. Rxe7+ Kxe7 39. Kc3 Kd7 40. Kb3
Kc6 1/2-1/2

[Event "I. CLANSKA LIGA ZAHOD 2024"]
[Site "Komenda"]
[Date "2024.10.12"]
[Round "5.1"]
[White "Belyaletdinov, Leonard"]
[Black "Opara, Jan"]
[Result "1/2-1/2"]
[WhiteElo "1843"]
[BlackElo "2072"]
[PlyCount "128"]
[EventDate "2024.09.27"]
[WhiteTeam "TAJFUN - SK LJUBLJANA"]
[BlackTeam "SK TREBNJE BMP"]

1. e4 e5 2. Nf3 Nc6 3. Bc4 Bc5 4. c3 Nf6 5. d4 exd4 6. e5 d5 7. Bb5 Ne4 8. cxd4
Bb6 9. O-O O-O 10. h3 a6 11. Ba4 Bf5 12. Nc3 Na5 13. Bc2 Rc8 14. Ng5 Nxc3 15.
bxc3 Qd7 16. g4 Bxc2 17. Qxc2 g6 18. Nf3 c5 19. Rb1 Bd8 20. Qd2 Nc4 21. Qh6 f6
22. e6 Qe7 23. dxc5 Ba5 24. Nd2 Rxc5 25. Nb3 Rb5 26. Be3 Bxc3 27. Bc5 Rxc5 28.
Nxc5 Bd2 29. Rxb7 Qxb7 30. Qxf8+ Kxf8 31. Nxb7 Ke7 32. Nc5 a5 33. Rb1 Bb4 34.
Nd3 Bd6 35. Rb7+ Kxe6 36. Rxh7 d4 37. h4 Kd5 38. Kf1 Nd2+ 39. Ke2 Ne4 40. h5
Nc3+ 41. Ke1 gxh5 42. gxh5 Ke4 43. Rd7 Bf8 44. Nc5+ Kf5 45. Nb3 Nxa2 46. Nxd4+
Kg4 47. Rd5 Nb4 48. Rxa5 Nd3+ 49. Kf1 Nf4 50. Rf5 Nxh5 51. Kg2 Bd6 52. f3+ Kh4
53. Ne6 Be5 54. Nf8 Nf4+ 55. Kf2 Bd4+ 56. Kf1 Kg3 57. Nd7 Kxf3 58. Nxf6 Bxf6
59. Rxf6 Ke4 60. Kf2 Nd3+ 61. Kg3 Ke5 62. Rf8 Ke4 63. Re8+ Ne5 64. Rxe5+ Kxe5
1/2-1/2

[Event "I. CLANSKA LIGA ZAHOD 2024"]
[Site "Komenda"]
[Date "2024.10.12"]
[Round "5.1"]
[White "Brcar, Andrej"]
[Black "Krstic, David"]
[Result "1-0"]
[WhiteElo "2008"]
[BlackElo "1735"]
[PlyCount "95"]
[EventDate "2024.09.27"]
[WhiteTeam "SK TREBNJE BMP"]
[BlackTeam "TAJFUN - SK LJUBLJANA"]

1. e4 c5 2. c3 Nf6 3. e5 Nd5 4. d4 cxd4 5. cxd4 d6 6. Nf3 e6 7. Bc4 dxe5 8.
dxe5 Be7 9. O-O O-O 10. Qe2 Nc6 11. Rd1 Qa5 12. Qe4 Ndb4 13. Nc3 Na6 14. Bd3 g6
15. Be3 Nc5 16. Qf4 Nd7 17. Bb5 Qb4 18. Bxc6 Qxf4 19. Bxf4 bxc6 20. Nd4 Nb8 21.
Ne4 Bb7 22. Rac1 Rc8 23. Nb3 a5 24. a4 Ba6 25. Rc2 Rc7 26. Nec5 Raa7 27. Nxa5
Be2 28. Rxe2 Bxc5 29. Rd8+ Kg7 30. Rxb8 Rxa5 31. b3 Bd4 32. h4 Rd7 33. g4 Rad5
34. Rc8 c5 35. Kg2 Ra7 36. Rb8 Bc3 37. Rb5 Bb4 38. Bg5 Rd3 39. Bf6+ Kh6 40.
Bg5+ Kg7 41. Re3 Rd4 42. Bf6+ Kh6 43. Kg3 Bd2 44. Rf3 Bb4 45. Rb8 Rd1 46. Rg8
Rg1+ 47. Kh3 Bd2 48. Bg7# 1-0

[Event "I. CLANSKA LIGA ZAHOD 2024"]
[Site "Komenda"]
[Date "2024.10.12"]
[Round "5.1"]
[White "Samotorcan, Gal"]
[Black "Mejak, George"]
[Result "0-1"]
[WhiteElo "1702"]
[BlackElo "2047"]
[PlyCount "100"]
[EventDate "2024.09.27"]
[WhiteTeam "TAJFUN - SK LJUBLJANA"]
[BlackTeam "SK TREBNJE BMP"]

1. d4 Nf6 2. c4 e6 3. Nf3 Bb4+ 4. Bd2 Qe7 5. a3 Bxd2+ 6. Nbxd2 c5 7. e3 b6 8.
Be2 Bb7 9. O-O O-O 10. Nb3 d6 11. dxc5 dxc5 12. Qc2 Nc6 13. Rfd1 e5 14. Nh4 g6
15. Nf3 e4 16. Ng5 h6 17. Nh3 g5 18. Nd2 Ne5 19. Nf1 Bc8 20. Ng3 Ng6 21. Qc3
Bxh3 22. gxh3 Qe6 23. Bf1 Nh4 24. b4 h5 25. Bg2 Nxg2 26. Kxg2 h4 27. Ne2 Qf5
28. Rd6 Qf3+ 29. Kf1 Qxh3+ 30. Ke1 Ng4 31. Rd5 f6 32. Kd2 Rad8 33. Kc2 Qxh2 34.
Qd2 Qc7 35. bxc5 Nxf2 36. Nf4 gxf4 37. Rg1+ Kf7 38. Qxf2 Rxd5 39. Qxh4 Rxc5 40.
Qh7+ Ke8 41. Qg6+ Kd8 42. Rd1+ Kc8 43. Kb1 Rxc4 44. Qh6 Qc5 45. Qh3+ f5 46. Qh7
Qb5+ 47. Ka1 Qe5+ 48. Kb1 Rc7 49. Rc1 Rxc1+ 50. Kxc1 Qc7+ 0-1

[Event "I. CLANSKA LIGA ZAHOD 2024"]
[Site "Komenda"]
[Date "2024.10.12"]
[Round "5.1"]
[White "Dimnik, Miha"]
[Black "Jaksa, Ema"]
[Result "1-0"]
[WhiteElo "1864"]
[BlackElo "1551"]
[PlyCount "67"]
[EventDate "2024.09.27"]
[WhiteTeam "SK TREBNJE BMP"]
[BlackTeam "TAJFUN - SK LJUBLJANA"]

1. b3 d5 2. e3 Bf5 3. Nf3 e6 4. Bb2 Nf6 5. d3 Be7 6. Be2 O-O 7. Nh4 Bg6 8. Nxg6
hxg6 9. Nd2 c5 10. O-O Nc6 11. c4 d4 12. Nf3 e5 13. exd4 exd4 14. Re1 Nh7 15.
Bf1 Ng5 16. Nxg5 Bxg5 17. Bc1 Bxc1 18. Qxc1 Qf6 19. Qd2 Ne5 20. Re4 Qd6 21.
Rae1 f6 22. h3 g5 23. Qe2 g6 24. g3 Nc6 25. Bg2 Qd7 26. Re6 Ne5 27. Bd5 Kg7 28.
f4 gxf4 29. gxf4 Nf7 30. Qg4 b5 31. f5 g5 32. Qh5 Rh8 33. Qg6+ Kf8 34. Rxf6 1-0

[Event "I. CLANSKA LIGA ZAHOD 2024"]
[Site "Komenda"]
[Date "2024.10.12"]
[Round "5.2"]
[White "Praznik, Niko"]
[Black "Rusjan, Miran"]
[Result "1/2-1/2"]
[WhiteElo "2313"]
[BlackElo "2259"]
[PlyCount "49"]
[EventDate "2024.09.27"]
[WhiteTeam "SD VRHNIKA"]
[BlackTeam "SK NOVA GORICA"]

1. Nf3 f5 2. d4 Nf6 3. g3 g6 4. Bg2 Bg7 5. O-O O-O 6. c4 d6 7. Nc3 Qe8 8. d5 a5
9. Rb1 Bd7 10. b3 Na6 11. Bb2 Nc5 12. Nd4 c6 13. a3 cxd5 14. cxd5 Qf7 15. e3
Rfc8 16. Nde2 Rc7 17. h3 h6 18. Nd4 Kh7 19. Ndb5 Rcc8 20. Nd4 Rc7 21. Ndb5 Rcc8
22. Nd4 Rc7 23. Ndb5 Rcc8 24. Nd4 Rc7 25. Ndb5 1/2-1/2

[Event "I. CLANSKA LIGA ZAHOD 2024"]
[Site "Komenda"]
[Date "2024.10.12"]
[Round "5.2"]
[White "Herega, Nejc"]
[Black "Justin, Matjaz"]
[Result "1-0"]
[WhiteElo "2196"]
[BlackElo "2215"]
[PlyCount "87"]
[EventDate "2024.09.27"]
[WhiteTeam "SK NOVA GORICA"]
[BlackTeam "SD VRHNIKA"]

1. d4 Nf6 2. c4 e6 3. Nc3 Bb4 4. e3 c5 5. Nge2 cxd4 6. exd4 O-O 7. a3 Be7 8. d5
exd5 9. cxd5 Re8 10. g3 Bc5 11. Bg2 d6 12. h3 a5 13. O-O a4 14. Nf4 b5 15. Nd3
Qb6 16. Na2 Na6 17. Bf4 Bf5 18. Rc1 h6 19. Nab4 Ne4 20. g4 Bg6 21. Nc6 Rac8 22.
Kh2 Nb8 23. Nxc5 Nxc5 24. Bxd6 Rxc6 25. dxc6 Nd3 26. Rc3 Nxb2 27. Qd5 Nc4 28.
Bg3 Na6 29. Qd7 Rd8 30. Qb7 Qa5 31. c7 Nxc7 32. Qxc7 Qxc3 33. Qxd8+ Kh7 34. Rd1
Qxa3 35. Qd5 Qb3 36. Be4 a3 37. h4 Bxe4 38. Qxe4+ g6 39. Rd8 Qb2 40. Qe8 Qg7
41. Qxb5 a2 42. Ra8 a1=Q 43. Rxa1 Qxa1 44. Qxc4 1-0

[Event "I. CLANSKA LIGA ZAHOD 2024"]
[Site "Komenda"]
[Date "2024.10.12"]
[Round "5.2"]
[White "Siraj, Anej"]
[Black "Zamar Kodelja, Jurij"]
[Result "0-1"]
[WhiteElo "2075"]
[BlackElo "2239"]
[PlyCount "80"]
[EventDate "2024.09.27"]
[WhiteTeam "SD VRHNIKA"]
[BlackTeam "SK NOVA GORICA"]

1. d4 d5 2. Bf4 c5 3. e3 Nc6 4. c3 Qb6 5. Qb3 c4 6. Qc2 e5 7. dxe5 Bf5 8. Qd2
f6 9. Nf3 fxe5 10. Nxe5 Nf6 11. Be2 Rd8 12. O-O Bc5 13. Nf3 O-O 14. Nd4 Nxd4
15. exd4 Bd6 16. Bxd6 Qxd6 17. Bf3 Ng4 18. Bxg4 Bxg4 19. Qg5 Bf5 20. Nd2 Qb6
21. b3 Qa5 22. Rfc1 b5 23. Nf3 Qa3 24. Qd2 a5 25. Ne5 Ra8 26. bxc4 bxc4 27. Re1
Rab8 28. Nc6 Rb7 29. Qg5 h6 30. Qe3 Kh7 31. Qe5 Qxc3 32. Qxd5 Rb2 33. Ne5 Rxa2
34. Rac1 Rc2 35. Rcd1 Rf6 36. Re3 Rc1 37. Rf1 Rxf1+ 38. Kxf1 Qxe3 39. fxe3 Be4+
40. Nf3 Bxd5 0-1

[Event "I. CLANSKA LIGA ZAHOD 2024"]
[Site "Komenda"]
[Date "2024.10.12"]
[Round "5.2"]
[White "Gregoric, Andraz"]
[Black "Siraj, Svit"]
[Result "1-0"]
[WhiteElo "2175"]
[BlackElo "2048"]
[PlyCount "85"]
[EventDate "2024.09.27"]
[WhiteTeam "SK NOVA GORICA"]
[BlackTeam "SD VRHNIKA"]

1. e4 e5 2. Nf3 Nc6 3. Bb5 g6 4. O-O Bg7 5. c3 d6 6. d4 Bd7 7. dxe5 dxe5 8. Qb3
Nf6 9. Bxc6 bxc6 10. Nxe5 Be6 11. Qa4 O-O 12. Be3 Qb8 13. Qc2 Qb5 14. Nf3 Bc4
15. Na3 Bd3 16. Nxb5 Bxc2 17. Nbd4 Bxe4 18. Nd2 Bd3 19. Rfe1 Nd5 20. Nxc6 Nxe3
21. Rxe3 Bb5 22. Nd4 Bxd4 23. cxd4 Rfd8 24. Nf3 Bc6 25. Rc1 Bxf3 26. gxf3 Rd7
27. Ra3 Rxd4 28. Rxc7 Rd2 29. b4 Re8 30. Raxa7 Ree2 31. Rxf7 Rxf2 32. Rg7+ Kf8
33. Rgf7+ Kg8 34. Rg7+ Kf8 35. Rxh7 Rg2+ 36. Kh1 Kg8 37. Rag7+ Kf8 38. Rd7 Rxd7
39. Rxd7 Rxa2 40. b5 Rb2 41. Rb7 Ke8 42. b6 Kd8 43. h4 1-0

[Event "I. CLANSKA LIGA ZAHOD 2024"]
[Site "Komenda"]
[Date "2024.10.12"]
[Round "5.2"]
[White "Racnik, Tone"]
[Black "Sundac, Ivano"]
[Result "0-1"]
[WhiteElo "1891"]
[BlackElo "2193"]
[PlyCount "56"]
[EventDate "2024.09.27"]
[WhiteTeam "SD VRHNIKA"]
[BlackTeam "SK NOVA GORICA"]

1. e4 c5 2. c4 a6 3. Nc3 Nc6 4. Nf3 e5 5. Be2 d6 6. d3 g6 7. O-O Bg7 8. Bd2
Nge7 9. Qc1 h6 10. Nd5 f5 11. b4 b6 12. a4 Bd7 13. b5 Nb8 14. Nxe7 Kxe7 15. Ne1
f4 16. Nc2 a5 17. Be1 h5 18. f3 g5 19. Bf2 Bf6 20. Kh1 Qc8 21. Na3 g4 22. Nb1
Rg8 23. Nc3 Be6 24. Qd1 Qf8 25. Bh4 g3 26. Bxf6+ Qxf6 27. h3 Qh4 28. Nd5+ Kf7
0-1

[Event "I. CLANSKA LIGA ZAHOD 2024"]
[Site "Komenda"]
[Date "2024.10.12"]
[Round "5.2"]
[White "Markocic, Tine"]
[Black "Okorn, Nejc"]
[Result "1-0"]
[WhiteElo "2077"]
[BlackElo "1903"]
[PlyCount "63"]
[EventDate "2024.09.27"]
[WhiteTeam "SK NOVA GORICA"]
[BlackTeam "SD VRHNIKA"]

1. c4 e5 2. Nc3 Nc6 3. Nf3 g6 4. d4 exd4 5. Nxd4 Bg7 6. Nxc6 bxc6 7. g3 Ne7 8.
Bg2 O-O 9. O-O a5 10. Qc2 d6 11. Bg5 Bd7 12. Qd2 Rb8 13. Rab1 Bf5 14. Rbc1 Rb6
15. c5 Ra6 16. e4 Be6 17. Rfd1 f6 18. Bf4 g5 19. cxd6 gxf4 20. dxe7 Qxe7 21.
Qxf4 Rb6 22. b3 f5 23. exf5 Bxf5 24. Qc4+ Kh8 25. Bxc6 Be6 26. Bd5 Rb4 27. Qe2
Rb6 28. Na4 Rd6 29. Nc5 c6 30. Bxe6 Bd4 31. Bg4 Bxf2+ 32. Kg2 1-0

[Event "I. CLANSKA LIGA ZAHOD 2024"]
[Site "Komenda"]
[Date "2024.10.12"]
[Round "5.3"]
[White "Lucovnik, Tilen"]
[Black "Milenkovic, Mladen"]
[Result "1/2-1/2"]
[WhiteElo "2169"]
[BlackElo "2295"]
[PlyCount "63"]
[EventDate "2024.09.27"]
[WhiteTeam "SK KOMENDA"]
[BlackTeam "SD DOMZALE"]

1. e4 c5 2. Nf3 a6 3. c3 d5 4. exd5 Qxd5 5. d4 Nf6 6. Be2 cxd4 7. Qxd4 Nc6 8.
Qxd5 Nxd5 9. Bc4 Nb6 10. Bb3 Bg4 11. Be3 Bxf3 12. gxf3 Nd7 13. Nd2 e6 14. Ne4
Be7 15. Rd1 O-O-O 16. Rg1 g6 17. Ke2 Na5 18. Ba4 Nc4 19. Bxd7+ Rxd7 20. Rxd7
Kxd7 21. Rd1+ Kc6 22. b3 Nxe3 23. fxe3 f5 24. Nf2 Bd6 25. h3 e5 26. e4 Rf8 27.
a4 b5 28. axb5+ axb5 29. Ra1 Kb6 30. Rd1 Kc6 31. Ra1 Kb6 32. Rd1 1/2-1/2

[Event "I. CLANSKA LIGA ZAHOD 2024"]
[Site "Komenda"]
[Date "2024.10.12"]
[Round "5.3"]
[White "Jusic, Zdenko"]
[Black "Keber, Aljosa"]
[Result "1/2-1/2"]
[WhiteElo "2231"]
[BlackElo "2103"]
[PlyCount "77"]
[EventDate "2024.09.27"]
[WhiteTeam "SD DOMZALE"]
[BlackTeam "SK KOMENDA"]

1. e4 e5 2. Nf3 Nc6 3. Bb5 a6 4. Ba4 f5 5. d4 exd4 6. e5 b5 7. Bb3 Na5 8. Bd5
c6 9. Bxg8 Rxg8 10. Qxd4 Bb7 11. Qf4 g6 12. O-O Qc7 13. Qh4 c5 14. Qxh7 Rg7 15.
Qh3 O-O-O 16. Bg5 Be7 17. Bxe7 Rxe7 18. Nc3 Nc4 19. Rad1 Nxe5 20. Nd5 Bxd5 21.
Rxd5 Rde8 22. Nxe5 Rxe5 23. Qd3 c4 24. Qd4 Re4 25. Qd1 R8e6 26. c3 Re2 27. Rd2
Rxd2 28. Qxd2 Qd6 29. Qh6 Re2 30. h4 Qe6 31. b3 Re1 32. Qh8+ Kb7 33. Qd4 Rxf1+
34. Kxf1 cxb3 35. axb3 Qxb3 36. Qxd7+ Kb6 37. Qd8+ Kc6 38. Qc8+ Kb6 39. Qd8+
1/2-1/2

[Event "I. CLANSKA LIGA ZAHOD 2024"]
[Site "Komenda"]
[Date "2024.10.12"]
[Round "5.3"]
[White "Zidar, Jernej"]
[Black "Plaskan, Jure"]
[Result "1/2-1/2"]
[WhiteElo "2055"]
[BlackElo "2239"]
[PlyCount "76"]
[EventDate "2024.09.27"]
[WhiteTeam "SK KOMENDA"]
[BlackTeam "SD DOMZALE"]

1. d4 Nf6 2. c4 e6 3. g3 d5 4. Bg2 Bb4+ 5. Bd2 a5 6. a3 Be7 7. Nf3 O-O 8. O-O
dxc4 9. e3 c5 10. Qe2 cxd4 11. exd4 Nd5 12. Qxc4 b6 13. Qc2 Ba6 14. Re1 Nd7 15.
Ne5 Rc8 16. Nc3 N7f6 17. Qb3 Qd6 18. h4 Rfe8 19. g4 Nxc3 20. bxc3 b5 21. g5 Nd5
22. h5 g6 23. Be4 Qd8 24. Qc2 Bxg5 25. hxg6 hxg6 26. Bxg6 Bxd2 27. Bxf7+ Kh8
28. Qxd2 Rg8+ 29. Bxg8 Qxg8+ 30. Kf1 Qh7 31. Rac1 Qh3+ 32. Ke2 Nxc3+ 33. Rxc3
Rxc3 34. Qg5 b4+ 35. Kd1 Rd3+ 36. Nxd3 Qxd3+ 37. Qd2 Qb1+ 38. Qc1 Qd3+ 1/2-1/2

[Event "I. CLANSKA LIGA ZAHOD 2024"]
[Site "Komenda"]
[Date "2024.10.12"]
[Round "5.3"]
[White "Debevec, Blaz"]
[Black "Perme, Martin"]
[Result "1-0"]
[WhiteElo "2066"]
[BlackElo "1902"]
[PlyCount "79"]
[EventDate "2024.09.27"]
[WhiteTeam "SD DOMZALE"]
[BlackTeam "SK KOMENDA"]

1. e4 c5 2. Nf3 d6 3. d4 cxd4 4. Nxd4 Nf6 5. Nc3 g6 6. Be3 Bg7 7. f3 O-O 8. Bc4
Nc6 9. Qd2 Bd7 10. O-O-O Rc8 11. Bb3 Ne5 12. h4 Nc4 13. Bxc4 Rxc4 14. g4 h5 15.
b3 Rc8 16. Kb1 hxg4 17. h5 gxh5 18. Bh6 Rc5 19. fxg4 Bxg4 20. Bxg7 Kxg7 21.
Nf5+ Bxf5 22. exf5 Rh8 23. Qg5+ Kf8 24. Rhg1 Ke8 25. Rge1 Kd7 26. Qe3 b6 27. b4
Rc7 28. Nb5 Rb7 29. Qe5 Kc8 30. Nxd6+ exd6 31. Rxd6 Rd7 32. Rxf6 Rg8 33. Kb2
Rg4 34. a3 Qc7 35. Qe2 Rg3 36. Rh6 Qc3+ 37. Kb1 Kb7 38. Qe4+ Ka6 39. Rc6 Rd4
40. Qe2+ 1-0

[Event "I. CLANSKA LIGA ZAHOD 2024"]
[Site "Komenda"]
[Date "2024.10.12"]
[Round "5.3"]
[White "Novak, Anze"]
[Black "Turek, Lan Timotej"]
[Result "0-1"]
[WhiteElo "1823"]
[BlackElo "2017"]
[PlyCount "82"]
[EventDate "2024.09.27"]
[WhiteTeam "SK KOMENDA"]
[BlackTeam "SD DOMZALE"]

1. d4 Nf6 2. Nf3 g6 3. c4 Bg7 4. Nc3 O-O 5. g3 d6 6. Bg2 Nc6 7. O-O e5 8. e4
Bg4 9. d5 Nd4 10. Qd3 Nd7 11. Na4 f5 12. Nxd4 exd4 13. f4 fxe4 14. Bxe4 Qe8 15.
Qc2 Nf6 16. Bd3 Bh3 17. Rd1 Ng4 18. Bd2 Ne3 19. Bxe3 Qxe3+ 20. Qf2 Qxf2+ 21.
Kxf2 g5 22. Rac1 Be5 23. f5 Bxf5 24. Bxf5 Rxf5+ 25. Kg2 Raf8 26. Rf1 Rxf1 27.
Rxf1 Rxf1 28. Kxf1 Kg7 29. Ke2 h5 30. Kd3 Kg6 31. b4 Kf5 32. Nb2 Kg4 33. Ke4 h4
34. gxh4 gxh4 35. h3+ Kxh3 36. Kf3 Bg3 37. Nd3 Kh2 38. c5 h3 39. Nc1 Bh4 40. a4
Kg1 41. Ne2+ Kf1 0-1

[Event "I. CLANSKA LIGA ZAHOD 2024"]
[Site "Komenda"]
[Date "2024.10.12"]
[Round "5.3"]
[White "Markosek, Maj"]
[Black "Macek, Inti"]
[Result "1-0"]
[WhiteElo "1986"]
[BlackElo "1750"]
[PlyCount "85"]
[EventDate "2024.09.27"]
[WhiteTeam "SD DOMZALE"]
[BlackTeam "SK KOMENDA"]

1. d4 Nf6 2. c4 e6 3. Nc3 d5 4. Bg5 Be7 5. cxd5 exd5 6. e3 c6 7. Bd3 Nbd7 8.
Qc2 O-O 9. Nf3 h6 10. Bh4 Re8 11. O-O Ne4 12. Bxe7 Qxe7 13. a3 Ndf6 14. b4 a6
15. Ne5 Nxc3 16. Qxc3 Ng4 17. Nf3 Qd6 18. a4 Bd7 19. h3 Nf6 20. Ne5 Ne4 21. Qc2
f6 22. Nxd7 Qxd7 23. Rfc1 Rac8 24. Bxe4 dxe4 25. Ra3 Qe7 26. Qb2 Ra8 27. Rac3
Qd7 28. Rc5 Kh8 29. Qc2 Qd6 30. Qb1 Qe6 31. b5 cxb5 32. axb5 a5 33. Rc7 Re7 34.
b6 a4 35. Rxe7 Qxe7 36. Rc7 Qe6 37. Rxb7 Ra6 38. Qb5 Ra8 39. Ra7 Rb8 40. b7 Qe7
41. Ra8 Qc7 42. Rxb8+ Qxb8 43. Qc6 1-0

[Event "I. CLANSKA LIGA ZAHOD 2024"]
[Site "Komenda"]
[Date "2024.10.12"]
[Round "5.4"]
[White "Rodman, Franc"]
[Black "Feinig, Mario"]
[Result "0-1"]
[WhiteElo "1999"]
[BlackElo "2247"]
[PlyCount "88"]
[EventDate "2024.09.27"]
[WhiteTeam "SD SIJ ACRONI JESENICE"]
[BlackTeam "SK STARI MAYR KRANJ"]

1. d4 d5 2. Nf3 Nf6 3. c4 e6 4. g3 dxc4 5. Bg2 c5 6. O-O Nc6 7. dxc5 Qxd1 8.
Rxd1 Bxc5 9. Nbd2 c3 10. bxc3 O-O 11. Nb3 Be7 12. Nfd4 Nxd4 13. cxd4 Nd5 14.
Bd2 f5 15. f3 f4 16. gxf4 Nxf4 17. Bf1 b6 18. e3 Ng6 19. Be1 Nh4 20. Nd2 Bd7
21. Rdc1 Bb4 22. Bxh4 Bxd2 23. Rc7 Bxe3+ 24. Kg2 Rf7 25. Bg3 Rc8 26. Rxc8+ Bxc8
27. Bc4 Bxd4 28. Re1 Rf8 29. Bxe6+ Bxe6 30. Rxe6 Rc8 31. Re2 Bf6 32. Rd2 Rd8
33. Rc2 Rd7 34. Kf2 Kf7 35. Bf4 Ke6 36. h3 b5 37. Rc6+ Kd5 38. Ra6 Bd4+ 39. Be3
Bxe3+ 40. Kxe3 Kc4 41. Rc6+ Kb4 42. Ra6 Kc3 43. Ra3+ Kc4 44. Ra6 b4 0-1

[Event "I. CLANSKA LIGA ZAHOD 2024"]
[Site "Komenda"]
[Date "2024.10.12"]
[Round "5.4"]
[White "Djuric, Petar"]
[Black "Jeraj, Zlatko"]
[Result "1/2-1/2"]
[WhiteElo "2186"]
[BlackElo "1989"]
[PlyCount "81"]
[EventDate "2024.09.27"]
[WhiteTeam "SK STARI MAYR KRANJ"]
[BlackTeam "SD SIJ ACRONI JESENICE"]

1. c4 Nf6 2. Nf3 g6 3. g3 Bg7 4. Bg2 c6 5. O-O O-O 6. d3 d6 7. Nc3 e5 8. Bd2
Re8 9. Qc2 Na6 10. a3 Nc5 11. b4 Ne6 12. e3 Nd7 13. e4 f5 14. exf5 gxf5 15.
Rae1 Qf6 16. Qc1 Ndf8 17. c5 dxc5 18. Rxe5 cxb4 19. axb4 Ng6 20. Ra5 Bd7 21.
Qa3 a6 22. Na4 Nd4 23. Nb6 Rad8 24. Nxd7 Rxd7 25. Nxd4 Qxd4 26. Rxf5 Qxd3 27.
Qxd3 Rxd3 28. Be3 Re5 29. Rxe5 Nxe5 30. Be4 Rd8 31. Rb1 Ng4 32. Bb6 Re8 33. Bf5
Ne5 34. Kg2 Nc4 35. Ba7 Nd6 36. Bd3 Bf6 37. f4 Kg7 38. Rd1 Nb5 39. Bb6 Nc3 40.
Rc1 Nd5 41. Bc5 1/2-1/2

[Event "I. CLANSKA LIGA ZAHOD 2024"]
[Site "Komenda"]
[Date "2024.10.12"]
[Round "5.4"]
[White "Pazlar, Marko"]
[Black "Mircic, Ivan"]
[Result "1/2-1/2"]
[WhiteElo "1975"]
[BlackElo "2208"]
[PlyCount "75"]
[EventDate "2024.09.27"]
[WhiteTeam "SD SIJ ACRONI JESENICE"]
[BlackTeam "SK STARI MAYR KRANJ"]

1. Nf3 d5 2. d4 Nf6 3. g3 e6 4. Bg2 c5 5. O-O Nc6 6. c4 Be7 7. cxd5 exd5 8.
dxc5 Bxc5 9. a3 O-O 10. b4 Be7 11. Nc3 Bf5 12. Bb2 Re8 13. Nd4 Bg6 14. e3 Qd7
15. Nxc6 bxc6 16. Na4 Ne4 17. Rc1 Rad8 18. Bd4 h5 19. Nc5 Bxc5 20. Bxc5 h4 21.
gxh4 Nxc5 22. Rxc5 Be4 23. Bxe4 Rxe4 24. Qf3 Rxh4 25. Kh1 Re8 26. Rg1 g6 27.
Rcc1 Kg7 28. Rg2 Reh8 29. Qg3 Qe6 30. Qc7 Qe4 31. Kg1 Rg4 32. Rxg4 Qxg4+ 33.
Qg3 Qe6 34. Qc7 Qg4+ 35. Qg3 Qe6 36. Qc7 Qg4+ 37. Qg3 Qe6 38. Qc7 1/2-1/2

[Event "I. CLANSKA LIGA ZAHOD 2024"]
[Site "Komenda"]
[Date "2024.10.12"]
[Round "5.4"]
[White "Kersic, Matej"]
[Black "Pavlin, Ivan"]
[Result "1-0"]
[WhiteElo "2082"]
[BlackElo "1906"]
[PlyCount "83"]
[EventDate "2024.09.27"]
[WhiteTeam "SK STARI MAYR KRANJ"]
[BlackTeam "SD SIJ ACRONI JESENICE"]

1. e4 c5 2. Nf3 e6 3. d4 cxd4 4. Nxd4 a6 5. c4 Qc7 6. Nc3 Nf6 7. Bd3 Nc6 8.
Nxc6 dxc6 9. Be3 c5 10. f4 b6 11. e5 Nd7 12. Be4 Bb7 13. Qf3 Rb8 14. O-O f5 15.
exf6 Nxf6 16. Bxb7 Qxb7 17. Qh3 Kf7 18. f5 e5 19. Bg5 Be7 20. Bxf6 Bxf6 21. Nd5
b5 22. b3 bxc4 23. bxc4 e4 24. Qh5+ Kf8 25. Rae1 Re8 26. Nf4 Qf7 27. Ne6+ Kg8
28. Qxf7+ Kxf7 29. Rxe4 Bd4+ 30. Kh1 Kf6 31. g4 h6 32. Kg2 Re7 33. Rb1 a5 34.
Rb6 Kf7 35. Kf3 Bg1 36. h4 Rd7 37. g5 Re8 38. g6+ Kg8 39. Nxc5 Rdd8 40. Rxe8+
Rxe8 41. Re6 Rf8 42. Nd7 1-0

[Event "I. CLANSKA LIGA ZAHOD 2024"]
[Site "Komenda"]
[Date "2024.10.12"]
[Round "5.4"]
[White "Ravnik, Franc"]
[Black "Podvrsnik, Marko"]
[Result "0-1"]
[WhiteElo "1847"]
[BlackElo "2116"]
[PlyCount "107"]
[EventDate "2024.09.27"]
[WhiteTeam "SD SIJ ACRONI JESENICE"]
[BlackTeam "SK STARI MAYR KRANJ"]

1. e4 c5 2. Nf3 d6 3. d4 cxd4 4. Nxd4 Nf6 5. Nc3 Nc6 6. Bb5 Bd7 7. O-O e6 8.
Bg5 Be7 9. Nxc6 Bxc6 10. Bxc6+ bxc6 11. Be3 e5 12. f4 exf4 13. Rxf4 O-O 14. Qd3
Nd7 15. Rd1 Ne5 16. Qe2 Qa5 17. Rd4 Bg5 18. Ra4 Qd8 19. Rf1 Bxe3+ 20. Qxe3 Qb8
21. b3 f6 22. Rd1 Rd8 23. Rad4 Qb6 24. Na4 Qc7 25. Qh3 Qe7 26. c4 Nf7 27. Nc3
Qe5 28. Qf5 g6 29. Qf3 Re8 30. Qd3 Re6 31. b4 a6 32. a3 Kg7 33. g3 Qh5 34. Ne2
g5 35. Nc3 Ne5 36. Qe2 Qxe2 37. Nxe2 Nf3+ 38. Kf2 Nxd4 39. Nxd4 Rxe4 40. Nf5+
Kg6 41. Nxd6 Re5 42. Nb7 Rae8 43. Rd2 Rf5+ 44. Kg2 Re3 45. a4 Rb3 46. Nd6 Re5
47. b5 cxb5 48. cxb5 axb5 49. axb5 Re1 50. g4 h5 51. h3 hxg4 52. hxg4 Rb4 53.
Kf2 Reb1 54. Kf3 0-1